000
00336 a2200169 4500
001
188150
020
_a
040
_c
Magnum
100
_a
Callado, Antônio
240
1
0
_a
Quaruo
_l
por
245
1
0
_a
Quaruo
300
_a
496
362
0
_a
1973
440
1
_a
Civilização Brasileira
697
_a
LITERATURA GERAL
942
_c
BK
999
_c
188150
_d
188150